export_success — 

US market for plastics.

Bibliographic Details
Corporate Author: Malaysia External Trade Development Corporation [MATRADE]
Format: Book
Published: New York: MATRADE New York, 2009.
Series:Product market study 2009
Subjects:
LEADER 00688cam a2200181 7i4500
001 0000025520
005 20101224090000.0
090 0 0 |a MAT 338.476684   |b MAL 
110 2 0 |a Malaysia External Trade Development Corporation [MATRADE] 
245 2 0 |a US market for plastics. 
260 0 0 |a New York:   |b MATRADE New York,   |c 2009. 
300 # # |a 19 p. 
440 0 0 |a Product market study 2009 
650 0 0 |a Plastic industry --   |z United States of America  
650 0 0 |a Plastics --   |x Markets --   |z United States of America  
651 0 0 |a United States of America  
999 |a 0000025609  |b Book  |c MATRADEs Collection  |e Business Information Centre 
999 |a 0000025608  |b Book  |c MATRADEs Collection  |e Business Information Centre